[Event "CAN-ch Amateur U2100"]
[Site "Kitchener"]
[Date "2010.08.01"]
[Round "5"]
[White "Gillanders, Robert"]
[Black "Jackson, Nicholas"]
[Result "1/2-1/2"]
[WhiteElo "1824"]
[BlackElo "1624"]
[PlyCount "28"]
[EventDate "2010.07.30"]
[EventType "swiss"]
[EventRounds "7"]
[EventCountry "CAN"]
[SourceTitle "EXT 2022"]
[Source "ChessBase"]
[SourceDate "2021.10.06"]
[SourceVersion "1"]
[SourceVersionDate "2021.10.06"]
[SourceQuality "1"]

1. d4 Nf6 2. c4 Nc6 3. a3 a5 4. Nc3 d6 5. e4 e5 6. d5 Ne7 7. h3 Nd7 8. Bd3 Nc5 9. Nf3 b6 10. 0-0 g6 11. Nh2 Bg7 12. b3 0-0 13. Rb1 f5 14. f3 f4 1/2-1/2

[Event "CAN-ch Amateur U2100"]
[Site "Kitchener"]
[Date "2010.08.01"]
[Round "4"]
[White "Jackson, Nicholas"]
[Black "Moran, Richard C"]
[Result "1-0"]
[WhiteElo "1624"]
[BlackElo "1893"]
[PlyCount "59"]
[EventDate "2010.07.30"]
[EventType "swiss"]
[EventRounds "7"]
[EventCountry "CAN"]
[SourceTitle "EXT 2022"]
[Source "ChessBase"]
[SourceDate "2021.10.06"]
[SourceVersion "1"]
[SourceVersionDate "2021.10.06"]
[SourceQuality "1"]

1. e4 d6 2. d4 Nf6 3. Nc3 c6 4. Nf3 Bg4 5. Be2 e6 6. Be3 d5 7. Qd3 Bb4 8. exd5 exd5 9. 0-0 Bxf3 10. Bxf3 0-0 11. Bf4 Nbd7 12. a3 Be7 13. Rfe1 Re8 14. Re2 Nf8 15. Nd1 Ne6 16. Bd2 Bd6 17. g3 Qc7 18. Ne3 g6 19. Ng4 Nxg4 20. Bxg4 f5 21. Bf3 Qb6 22. Rae1 Kf7 23. Bc3 a5 24. Qd2 f4 25. Bg4 Ng7 26. Rxe8 Nxe8 27. Qe2 Ng7 28. Qf3 h5 29. Bh3 g5 30. Qd3 1-0